000 02288cam a22005057a 4500
003 CHAP
005 20220817040752.0
008 971010s1982 r 00010 d
010 _a18
011 _a990
035 _a86
040 _cCHAP
082 0 4 _a338.1
_bG58Y 1982
100 0 0 _aGittinger, J. Price.
_948217
245 1 0 _aAnálisis económico de proyectos agrícolas
_c/ por J. Price Gittinger
260 _aMadrid :
_bTecnos,
_c1982
300 _a532 p.
490 0 _aSerie Banco Nacional
500 _ac.3 sust. por Evaluación de proyectos. Baca Urbina, Gabriel c.3
500 _aTrad. de: Economic Analysis of Agricultural Proyect, 2 ed. 1982
590 _aBATCH-UPD
_b10
_c20130110
_lUCH01
_h1024
590 _aBATCH-UPD
_b10
_c20130410
_lUCH01
_h0628
590 _aBATCH-UPD
_b10
_c20130914
_lUCH01
_h1148
590 _aCONVERSION
_b10
_c20130109
_lUCH01
_h1302
650 1 4 _aDesarrollo económico.
650 1 4 _aPolítica agrícola.
_990283
650 1 4 _aProyectos
_xEvaluación.
_992525
710 0 _aBanco Internacional de Reconstrucción y Fomento.
_99848
830 0 _aSerie Banco Nacional
_9104618
901 _aBK
942 _cLIBRO
949 _a338.1 G58Y 1982
_bBC
_cESP
_d33724000936746
_eESP
_h63055
_i86
_si
949 _a338.1 G58Y 1982
_bBC
_cLIBRO
_d33724000343281
_eLIBRO
_fc.10
_h68026
_i86
_si
949 _a338.1 G58Y 1982
_bBC
_cLIBRO
_d33724000343299
_eLIBRO
_fc.9
_h68025
_i86
_si
949 _a338.1 G58Y 1982
_bBC
_cLIBRO
_d33724000343323
_eLIBRO
_fc.12
_h77832
_i86
_si
949 _a338.1 G58Y 1982
_bBC
_cLIBRO
_d33724000774121
_eLIBRO
_fc.14
_h13276
_i86
_si
949 _a338.1 G58y 1982
_bBC
_cLIBRO
_d33724000776654
_eLIBRO
_fc.2
_gI. 124653
_h63731
_i86
_si
949 _a338.1 G58Y 1982
_bBC
_cLIBRO
_d33724000779526
_eLIBRO
_fc.7
_gI.130292
_h68023
_i86
_si
949 _a338.1 G58Y 1982
_bBC
_cLIBRO
_d33724000823043
_eLIBRO
_fc.15
_gDonaciØn
_h100577
_i86
_si
949 _a338.1 G58Y 1982
_bBC
_cLIBRO
_d33724000900395
_eLIBRO
_fc.6
_h63735
_i86
_si
949 _a338.1 G58Y 1982
_bBC
_cLIBRO
_d33724000901021
_eLIBRO
_fc.8
_h68024
_i86
_si
949 _a338.1 G58Y 1982
_bBC
_cLIBRO
_d33724000938171
_eLIBRO
_fc.11
_h77527
_i86
_si
949 _a338.1 G58Y 1982
_bBC
_cLIBRO
_d33724000940227
_eLIBRO
_fc.5
_h63734
_i86
_si
949 _a338.1 G58Y 1982
_bBC
_cLIBRO
_d33724002210686
_eLIBRO
_fc.13
_h80411
_i86
_si
999 _c18
_d18